| 000 | 00833nam a2200205 i 4500 | ||
|---|---|---|---|
| 001 | 21632 | ||
| 003 | ES-MaACL | ||
| 005 | 20240522120157.0 | ||
| 007 | t| | ||
| 008 | 021126s1939 sp ||||1| spa d | ||
| 245 | 0 | 3 | _aEl Alcázar. |
| 260 |
_a[¿Madrid?] : _bEditora Nacional, _c1939 ( _eBilbao : _fArte) |
||
| 300 |
_a23 h. con fotograbs. ; _c25 cm. |
||
| 505 | 8 | _aContiene: Pórtico. Romance del Alcázar al Tajo. A Toledo destruída / por Luis Felipe Vivanco. Primera resistencia. El general Moscardó. El asedio del Alcázar / por Fernández Collado. La destrucción de la ciudad. Oración por los caídos. | |
| 651 | 4 |
_aToledo- _xHistoria- _y1936-1939. _99445 |
|
| 700 | 0 |
_aVivanco, Luis Felipe, _d1907-1975 _9115541 |
|
| 700 | 1 |
_aFernández Collado, Diego. _949587 |
|
| 852 |
_aES-MaACL _j1824-F-16 |
||
| 999 |
_c21632 _d21632 |
||